Đồng dao dân tộc Tày Nghiên cứu

TM tài liệu tham khảo tr. 253 - 264; Gồm 3 chương: khái quát về tộc người Tày, văn học dân gian và đồng dao ở Việt Nam; nội dung của đồng dao Tày; nghệ thuật đồng dao dân tộc Tày

Đã lưu trong:
书目详细资料
主要作者: Hoàng, Thị Nhuận
其他作者: Nông, Thị Huế
格式: 图书
语言:Undetermined
出版: H. Hội nhà văn 2017
主题:
在线阅读:http://lrc.tdmu.edu.vn/opac/search/detail.asp?aID=2&ID=31995
标签: 添加标签
没有标签, 成为第一个标记此记录!
Thư viện lưu trữ: Trung tâm Học liệu Trường Đại học Thủ Dầu Một
LEADER 01109nam a2200229Ia 4500
001 TDMU_31995
008 210410s9999 xx 000 0 und d
082 |a 155 
090 |b H407 
100 |a Hoàng, Thị Nhuận 
245 0 |a Đồng dao dân tộc Tày 
245 0 |b Nghiên cứu 
245 0 |c Hoàng Thị Nhuận, Nông Thị Huế 
260 |a H. 
260 |b Hội nhà văn 
260 |c 2017 
300 |a 270 tr. 
520 |a TM tài liệu tham khảo tr. 253 - 264; Gồm 3 chương: khái quát về tộc người Tày, văn học dân gian và đồng dao ở Việt Nam; nội dung của đồng dao Tày; nghệ thuật đồng dao dân tộc Tày 
650 |a Văn hóa dân gian  |x Đồng dao  |x Dân tộc Tày  |z Việt Nam; Đồng dao  |x Dân tộc Tày  |z Việt Nam; Dân tộc Tày  |x Văn hóa  |x Đồng dao 
700 |a Nông, Thị Huế 
856 |u http://lrc.tdmu.edu.vn/opac/search/detail.asp?aID=2&ID=31995 
980 |a Trung tâm Học liệu Trường Đại học Thủ Dầu Một